| 000 | 00615nam a2200229Ia 4500 | ||
|---|---|---|---|
| 003 | OSt | ||
| 005 | 20230502143220.0 | ||
| 008 | 210423s2015 xx 000 0 und d | ||
| 020 | _a978-1-4522-5815-7 | ||
| 040 | _cAL | ||
| 041 | _aeng | ||
| 082 |
_a364.01 _223 _bTIBC |
||
| 100 |
_aTIBBETTS (Stephen);HEMMENS (Craig) _996078 |
||
| 245 | _aCriminological theory: text reader Ed2 | ||
| 250 | _a2 | ||
| 260 |
_aNew Delhi _bSage Publications _c2015 |
||
| 300 |
_axxiii,551 _bPB |
||
| 365 |
_b7425 _cUSD |
||
| 650 |
_aCriminology _996079 |
||
| 906 | _aCriminological ; Ed2 ; reader ; theory: | ||
| 942 |
_2ddc _cBK |
||
| 999 |
_c170662 _d170662 |
||